Olivia Rodrigo - Paroles get him back - Statistiques

Statistiques générales
  • Ce quiz a été pris 280 fois
  • Le résultat moyen est 378 sur 473
Statistiques - réponses
Hint Réponse % Correct
Bridge | Couplet 1 | Refrain I
100%
I,
100%
Refrain Refrain
100%
him
98%
him?
98%
him,
98%
when
96%
a
95%
me
95%
me,
95%
back
94%
back,
94%
get
93%
Get
93%
He
93%
he
93%
an
92%
Oh,
92%
so
92%
So
92%
to
92%
and
91%
And
91%
the
91%
want
91%
with
91%
With
91%
in
89%
make
89%
son
87%
every
86%
guy
86%
met
86%
summer
86%
wanna
86%
Wanna
86%
feel
85%
had
85%
real
85%
I'm
84%
my
84%
about
83%
friend
83%
left
83%
spring
83%
2,
82%
bad
82%
everything
82%
nice
82%
said
82%
song
82%
song,
82%
up
82%
Intro 1,
81%
it
81%
kiss
81%
really
81%
6
80%
But
80%
but
80%
(but
80%
Do
80%
do
80%
his
80%
on
80%
on,
80%
ego
79%
just
79%
Just
79%
miss
79%
much
79%
was
79%
friends
78%
fun
78%
he's
78%
He's
78%
is
78%
jealous,
78%
love
78%
try"
78%
face
77%
Another
76%
another
76%
argued
76%
be
76%
hate
76%
like,
76%
right
76%
'Cause
75%
mom
75%
night
75%
now
75%
Oh,
75%
say
75%
some
75%
then
75%
would
75%
dance
74%
guess
74%
heart
74%
her
74%
one
74%
such
74%
depressed
73%
France
73%
If
73%
never
73%
tell
73%
this
73%
end
72%
eye
72%
feeling
72%
it's
72%
meet
72%
sad
72%
wrong,
72%
bar,
71%
club,
71%
"Dude,
71%
laugh
71%
made
71%
something
71%
3
70%
choose,
70%
down
70%
foot
70%
sucks
70%
sucks,
70%
take
70%
way
70%
break
69%
temper
69%
time
69%
weird
69%
again,
68%
again
68%
uppercut
68%
all
67%
fly
67%
sweet
67%
car
66%
kisses
66%
lunch
66%
makes
66%
that
66%
he'd
65%
parties
64%
Wait,
64%
nights
63%
of
63%
remember
63%
revenge
63%
Yeah,
63%
yeah
63%
key
62%
only
62%
shit
62%
trash
62%
girl
61%
girl,
61%
everyone
60%
fix
60%
pass
60%
told
60%
us
60%
am
59%
daughter,
59%
drums?
59%
father's
59%
knew
59%
maybe
59%
truth
59%
wasn't
59%
letters
58%
Because
57%
could
57%
little
57%
them
57%
out
56%
out,
56%
throw
55%
'Til
53%
wandering
52%
write
52%
Outro I'll
51%
stitch
51%
Stitch
51%
disappointed
49%
picture
49%
these
47%
as
46%
faces
46%
good,
44%
good
44%
hurt
43%
hit
42%
"Send"
41%
hitting
40%
gonna
39%
trippin'
39%
got
37%
pour
37%
how
36%
at
35%
you
30%
same
27%
know
25%
what
20%
come
19%
better
16%
even
12%
don't
11%
won't
9%
Aucun quiz correspondant
Distribution des résultats
% des personnes avec chaque résultat
Percentile par nombre de réponses
Votre historique - résultats
Vous n’avez pas pris ce quiz